| 000 | 00571nam a2200205 a 4500 | ||
|---|---|---|---|
| 001 | 37736 | ||
| 003 | BD-RjUL | ||
| 005 | 20211209052638.0 | ||
| 008 | 150416s1966 bg 00000 d | ||
| 035 | _a(BD-RjUL) 37840 | ||
| 040 |
_aBD-RjUL _beng _cBD-RjUL _dBD-RjUL |
||
| 041 | _aeng | ||
| 082 | 0 | 4 |
_a338.1 _bOBA 1966 _223 |
| 100 |
_aO'Brien, G. _9116559 |
||
| 245 | 1 | 0 |
_aAgricultural economics / _cby G. O'Brien. |
| 260 |
_aBogra : _bEconomic Association, _c1966. |
||
| 300 |
_a154 p. ; _c22 cm. |
||
| 650 | 0 |
_aAgriculture _xEconomic aspects. _9116560 |
|
| 942 |
_2ddc _cBK |
||
| 999 |
_c37736 _d37736 |
||